|
|
|
|
| LEADER |
02090nam a22004815i 4500 |
| 001 |
978-3-319-03620-5 |
| 003 |
DE-He213 |
| 005 |
20151031151106.0 |
| 007 |
cr nn 008mamaa |
| 008 |
140220s2014 gw | s |||| 0|eng d |
| 020 |
|
|
|a 9783319036205
|9 978-3-319-03620-5
|
| 024 |
7 |
|
|a 10.1007/978-3-319-03620-5
|2 doi
|
| 040 |
|
|
|d GrThAP
|
| 050 |
|
4 |
|a QD146-197
|
| 072 |
|
7 |
|a PNK
|2 bicssc
|
| 072 |
|
7 |
|a SCI013030
|2 bisacsh
|
| 082 |
0 |
4 |
|a 546
|2 23
|
| 245 |
1 |
0 |
|a Functional Molecular Silicon Compounds I
|h [electronic resource] :
|b Regular Oxidation States /
|c edited by David Scheschkewitz.
|
| 264 |
|
1 |
|a Cham :
|b Springer International Publishing :
|b Imprint: Springer,
|c 2014.
|
| 300 |
|
|
|a IX, 233 p.
|b online resource.
|
| 336 |
|
|
|a text
|b txt
|2 rdacontent
|
| 337 |
|
|
|a computer
|b c
|2 rdamedia
|
| 338 |
|
|
|a online resource
|b cr
|2 rdacarrier
|
| 347 |
|
|
|a text file
|b PDF
|2 rda
|
| 490 |
1 |
|
|a Structure and Bonding,
|x 0081-5993 ;
|v 155
|
| 505 |
0 |
|
|a Silsesquioxanes -- Penta- and Hexacoordinate Molecular Silanes -- Molecular Silicon Clusters -- Multiple bonds with Silicon -- Silylenes -- Silylenium Cations -- Silyl Anions -- Oligosilanes -- Silicon Pharmaceuticals -- NHC-stabilized low valent silicon compounds.
|
| 520 |
|
|
|a Guido Kickelbick Silsesquioxanes Jörg Wagler, Uwe Böhme and Edwin Kroke Higher-Coordinated Molecular Silicon Compounds Thomas Müller Silylium Ions Christoph Marschner Oligosilanes.
|
| 650 |
|
0 |
|a Chemistry.
|
| 650 |
|
0 |
|a Pharmaceutical technology.
|
| 650 |
|
0 |
|a Inorganic chemistry.
|
| 650 |
|
0 |
|a Organic chemistry.
|
| 650 |
1 |
4 |
|a Chemistry.
|
| 650 |
2 |
4 |
|a Inorganic Chemistry.
|
| 650 |
2 |
4 |
|a Organic Chemistry.
|
| 650 |
2 |
4 |
|a Pharmaceutical Sciences/Technology.
|
| 700 |
1 |
|
|a Scheschkewitz, David.
|e editor.
|
| 710 |
2 |
|
|a SpringerLink (Online service)
|
| 773 |
0 |
|
|t Springer eBooks
|
| 776 |
0 |
8 |
|i Printed edition:
|z 9783319036199
|
| 830 |
|
0 |
|a Structure and Bonding,
|x 0081-5993 ;
|v 155
|
| 856 |
4 |
0 |
|u http://dx.doi.org/10.1007/978-3-319-03620-5
|z Full Text via HEAL-Link
|
| 912 |
|
|
|a ZDB-2-CMS
|
| 950 |
|
|
|a Chemistry and Materials Science (Springer-11644)
|